000 00310nam a22001337a 4500
020 _a81-8269-625-9
082 _a001
_bTHA/B
100 _aTHAKUR, DEVENDAR
245 _aBELIEVE IT OR NOT
260 _aDELHI
_bBLACK ROSE PUBLICATIONS
_c2005
300 _a343
650 _aGENERAL KNOWLEDGE
_zINDIA
942 _cBK
999 _c6579
_d6579